[Event "Dortmund-A (Women)"]
[Site "Dortmund"]
[Date "1988.??.??"]
[Round "?"]
[White "Gruenberg, Regina"]
[Black "Makropoulou, Marina"]
[Result "0-1"]
[WhiteElo "2140"]
[BlackElo "2325"]

1.e4 c5 2.Nf3 Nc6 3.Bb5 e6 4.O-O Nge7 5.c3 a6 6.Bxc6 Nxc6 7.d4 d5 8.exd5 Qxd5
9.Bf4 Be7 10.dxc5 Qxc5 11.Qe2 O-O 12.Nbd2 Qf5 13.Bg3 Qc2 14.Rab1 Re8 15.Qe3 Bf8
16.Nc4 Qf5 17.Nd6 Bxd6 18.Bxd6 e5 19.Rbd1 Qh5 20.Nd2 Be6 21.b3 Rad8 22.Bc5 Bf5
23.Ne4 Rxd1  0-1

[Event "Dortmund-B"]
[Site "Dortmund"]
[Date "1988.??.??"]
[Round "?"]
[White "Martinovic, Slobodan"]
[Black "Kohlweyer, Bernd"]
[Result "1/2-1/2"]
[WhiteElo "2460"]
[BlackElo "2325"]

1.e4 c5 2.Nf3 Nc6 3.Bb5 e6 4.O-O Nge7 5.c3 d5 6.exd5 Qxd5 7.d4 cxd4 8.Qe2 Bd7
9.Bc4 d3 10.Bxd3 Ng6 11.Rd1 Qh5 12.Be3 Nge5 13.Nxe5 Qxe2 14.Bxe2 Nxe5 15.f4 Nc6
16.Nd2 Ne7 17.g3 Nd5 18.Bf2 Ba4 19.Nb3 b6 20.f5 Nc7 21.Bf3 Rd8 22.Rd4 Rxd4
23.Nxd4 exf5 24.Nc6 Bc5 25.Bxc5 bxc5 26.Nxa7 Ke7 27.b3 Bd7 28.Nc6+ Bxc6 29.Bxc6 Kd6
30.Bf3 Ne6 31.Kf2 Kc7 32.b4 Rd8 33.Ke3 Kb6 34.a4 cxb4 35.cxb4 Nd4 36.Rc1 Nxf3
37.Kxf3 Rd3+ 38.Ke2 Ra3 39.a5+ Kb5 40.Rc7 Kxb4 41.Rxf7 Rxa5 42.h4 g6 43.Rxh7 Kc5
44.Rf7 Ra4 45.h5 gxh5 46.Rxf5+ Kd6 47.Rxh5 Ke6  1/2-1/2

[Event "DSV-Turnier"]
[Site "Dresden"]
[Date "1988.??.??"]
[Round "?"]
[White "Kuczynski, Robert"]
[Black "Lanc, Alois"]
[Result "0-1"]
[WhiteElo "2460"]
[BlackElo "2435"]

1.e4 c5 2.Nf3 Nc6 3.Bb5 d6 4.O-O Bd7 5.Re1 a6 6.Bf1 e5 7.c3 Bg4 8.h3 Bh5
9.d3 Be7 10.Nbd2 Nf6 11.g4 Bg6 12.Nc4 Nd7 13.Ne3 h5 14.Nf5 hxg4 15.hxg4 Bxf5
16.exf5 Nf6 17.g5 Nh7 18.g6 fxg6 19.fxg6 Nf8 20.Qb3 Qd7 21.Qf7+ Kd8 22.Nh2 Qe6
23.Qxe6 Nxe6 24.Re3 Bg5 25.Rh3 Ke7 26.Be3 Bf4 27.Ng4 Rxh3 28.Bxh3 Rh8 29.Kg2 d5
30.Rh1 d4 31.cxd4 cxd4 32.Bxf4 Nxf4+ 33.Kg3 Kd6 34.f3 Nxd3 35.Rd1 Nf4 36.Bf1 Nxg6
37.Nf2 Nge7 38.Ne4+ Kc7 39.Bh3 g6 40.f4 exf4+  0-1

[Event "Eppingen BM"]
[Site "Eppingen"]
[Date "1988.??.??"]
[Round "?"]
[White "Werner, Clemens"]
[Black "Schuh, Hubert"]
[Result "0-1"]
[WhiteElo "2255"]
[BlackElo "2320"]

1.e4 c5 2.Nf3 Nc6 3.Bb5 g6 4.O-O Bg7 5.Re1 e5 6.c3 Nge7 7.d4 cxd4 8.cxd4 exd4
9.e5 O-O 10.Bg5 h6 11.Bh4 g5 12.Bxg5 hxg5 13.Nxg5 Nf5 14.Qh5 Nh6 15.Nd2 d5
16.e6 Qf6 17.exf7+ Kh8 18.h3 Bf5 19.Bxc6 bxc6 20.Qh4 c5 21.g4 Bd7 22.Ndf3 d3
23.Rad1 c4 24.Ne5 Be6 25.Ng6+ Qxg6 26.Rxe6 Bf6 27.f4 Rab8 28.Rd2 Rb6 29.Qe1 Nxf7
30.Nxf7+ Qxf7 31.Rxb6 axb6 32.f5 Re8 33.Qg3 Qe7  0-1

[Event "BL2-N8788"]
[Site "Germany"]
[Date "1988.??.??"]
[Round "?"]
[White "Meier, Volker"]
[Black "Borik, Otto"]
[Result "1/2-1/2"]
[WhiteElo "2295"]
[BlackElo "2350"]

1.e4 c5 2.Nf3 Nc6 3.Bb5 g6 4.O-O Nf6 5.Re1 Bg7 6.c3 O-O 7.d4 cxd4 8.cxd4 d5
9.e5 Ne4 10.Nc3 Nxc3 11.bxc3 Na5 12.Qa4 Bg4 13.Nd2 a6 14.Bf1 Rc8 15.Nb3 Nc4
16.Nc5 Rc7 17.Rb1 Bc8 18.Bxc4 dxc4 19.Qxc4 b5 20.Qb3 Rxc5 21.dxc5 Qc7 22.Bf4 Qxc5
23.Qb4 Qd5 24.Qxe7 Qxa2 25.Qc7 Qc2 26.Be3 Be6 27.Bd4 Bh6 28.Qd6 Bd2 29.Red1 Rc8
30.Qxa6 Bxc3 31.Bxc3 Rxc3 32.Qxb5 Rc5 33.Qb4 Kg7 34.Qf4 Qf5 35.Qxf5 Bxf5
36.Rb2 Rxe5 37.f3 Be6 38.Kf2 Kf6 39.Rd6 h5 40.Ra6 Rc5 41.Rd6 Ra5 42.Ke3 Re5+
43.Kd4 Re1 44.Kc5 Rh1 45.h3 Rc1+ 46.Kb6 Ke5 47.Rbd2 Kf4 48.Rc6 Rg1 49.Kc7 Kg3
50.Rcc2 Bb3 51.Rb2 Bc4 52.f4 Be6  1/2-1/2

[Event "BL2-S8788"]
[Site "Germany"]
[Date "1988.??.??"]
[Round "?"]
[White "Holzhaeuer, Mathias"]
[Black "Seibold, Hubert"]
[Result "1/2-1/2"]
[WhiteElo "2275"]
[BlackElo "2220"]

1.e4 c5 2.Nf3 Nc6 3.Bb5 g6 4.O-O Bg7 5.Re1 Nf6 6.e5 Nd5 7.Nc3 Nxc3 8.dxc3 O-O
9.Qd5 b6 10.Bg5 Bb7 11.Rad1 Qb8 12.Qxd7 Rd8 13.Qg4 Rxd1 14.Rxd1 Nxe5 15.Nxe5 Qxe5
16.Rd7 h5 17.Qf4 Qe1+ 18.Bf1 Ba6 19.c4 Be5 20.Qf3 Re8 21.Rd1 Qb4 22.Qc6 Rc8
23.Qe4 Qxb2 24.Rd7 Rc7 25.Rd8+ Kh7 26.Bf4 Bd6 27.Qd5 Qf6 28.Bxd6 exd6 29.Rxd6 Qe7
30.Qd2 Qe5 31.f4 Qa1 32.Qe2 Bc8 33.Qe8 Be6 34.Rd8 Bxc4 35.Qg8+ Kh6 36.Qf8+ Kh7  1/2-1/2

[Event "Groningen op"]
[Site "Groningen"]
[Date "1988.??.??"]
[Round "?"]
[White "Booij, Johan"]
[Black "Witkowski, Stefan"]
[Result "1/2-1/2"]
[WhiteElo "2310"]
[BlackElo "2285"]

1.e4 c5 2.Nf3 Nc6 3.Bb5 Nf6 4.Nc3 d5 5.e5 Ne4 6.Ne2 c4 7.O-O Nc5 8.b3 cxb3
9.axb3 Bd7 10.Ba3 Ne6 11.Bd3 g6 12.Re1 Bg7 13.Ng3 Qc7 14.Qe2 h5 15.Bb5 Ncd4
16.Nxd4 Nxd4 17.Bxd7+ Qxd7 18.Qd3 Ne6 19.Bb2 a6 20.Ne2 Rc8 21.Ra5 Rd8 22.Nd4 O-O
23.Rea1 Nxd4 24.Bxd4 e6 25.Qe3 Rc8 26.c3 Rc6 27.h3 Rfc8 28.g3 Bf8 29.b4 Kh7
30.Kg2 Bh6 31.Qe2 R6c7 32.Rh1 Rh8 33.Raa1 Qc6 34.Qf3 Qd7 35.g4 Qe7 36.Be3 Bxe3
37.Qxe3 Kg7 38.Rag1 Rcc8 39.f4 hxg4 40.hxg4 Rh4 41.Rxh4 Qxh4 42.Qg3 Qxg3+
43.Kxg3 d4 44.cxd4 Rd8 45.f5 Rxd4 46.f6+ Kh6 47.Rc1 g5 48.Rh1+ Kg6 49.Rh8 Rd3+
50.Kf2 Rxd2+ 51.Ke3 Rd7 52.Rg8+ Kh6 53.Rh8+ Kg6 54.Rg8+ Kh6  1/2-1/2

[Event "Hallein op"]
[Site "Hallein"]
[Date "1988.??.??"]
[Round "8"]
[White "Brestian, Egon"]
[Black "Schoeppl, Engelbert"]
[Result "1-0"]
[WhiteElo "2395"]
[BlackElo "2325"]

1.e4 c5 2.Nf3 Nc6 3.Bb5 g6 4.O-O Bg7 5.Re1 Nf6 6.c3 O-O 7.d4 Qb6 8.Na3 d6
9.d5 Ne5 10.Nxe5 dxe5 11.Bf1 Ne8 12.Nc4 Qc7 13.b4 Nd6 14.bxc5 Nxc4 15.Bxc4 Qxc5
16.Qb3 Qc7 17.Ba3 b6 18.Bd3 Bb7 19.Rac1 Bh6 20.Rc2 Rfc8 21.c4 Ba6 22.Qa4 Bb7
23.c5 bxc5 24.Rb1 Rab8 25.Rxc5 Qd8 26.Rxc8 Qxc8 27.Qb3 Qc7 28.Ba6 Qb6 29.Qxb6 axb6
30.Rxb6 Ra8 31.Rxb7 Rxa6 32.Bxe7 Rxa2 33.Rb8+ Kg7 34.Bf8+ Kf6 35.Rb6+ Kg5
36.h4+ Kh5 37.g4+ Kxg4 38.Bxh6 Kh3  1-0

[Event "IND-ch"]
[Site "?"]
[Date "1988.??.??"]
[Round "?"]
[White "Barua, Dibyendu"]
[Black "Ganesan, Sankar"]
[Result "1-0"]
[WhiteElo "2480"]
[BlackElo "2270"]

1.e4 c5 2.Nf3 Nc6 3.Bb5 d6 4.O-O Bd7 5.c3 Nf6 6.Re1 a6 7.Bf1 Bg4 8.h3 Bxf3
9.Qxf3 g6 10.Qd1 Qb6 11.Na3 Bg7 12.Nc4 Qc7 13.d4 cxd4 14.cxd4 d5 15.exd5 Nxd5
16.Ne5 O-O 17.Qb3 e6 18.Nxc6 Qxc6 19.Be3 Rac8 20.Rac1 Qb6 21.Bc4 Qxb3 22.Bxb3 Ne7
23.Bg5 Nc6 24.d5 exd5 25.Bxd5 Bxb2 26.Rb1 Bc3 27.Rec1 Na5 28.Bxb7 Nxb7 29.Rxb7 Rc6
30.Rd1 Kg7 31.Rdd7 h6 32.Be3 Rf6 33.Rd3 Rc8 34.g3 g5 35.Kg2 Kg6 36.f4 Rcc6
37.fxg5 hxg5 38.Rd5 Rf5 39.Rxf5 Kxf5 40.Rxf7+ Kg6 41.Rd7 Bf6 42.Kf3 Rc4 43.Rd6 Ra4
44.Bc5 Rc4 45.Bb6 Kf7 46.Be3 Ra4 47.Bd2 Rxa2 48.Kg4 Ra3 49.Rb6 Rd3 50.Bc1 Be5
51.Kf5 Bxg3 52.Rb7+ Kg8 53.Bxg5 Bd6 54.h4 Bf8 55.Kg6 a5 56.Ra7 a4 57.Rxa4 Rd7
58.Bf6 Rf7 59.Ra8 Rb7 60.h5 Rd7 61.h6 Rb7 62.Rc8 Ra7 63.Kf5 Rf7 64.Ke6 Ra7
65.Rb8 Rh7 66.Bg5 Rc7 67.Bd2 Rc6+ 68.Kf5 Rc5+ 69.Kg4 Rc4+ 70.Kh5 Rc5+ 71.Bg5 Rc7
72.Be3 Rd7 73.Bc5  1-0

[Event "Kecskemet"]
[Site "Kecskemet"]
[Date "1988.??.??"]
[Round "?"]
[White "King, Daniel J"]
[Black "Klundt, Klaus"]
[Result "1-0"]
[WhiteElo "2520"]
[BlackElo "2410"]

1.e4 c5 2.Nf3 Nc6 3.Bb5 g6 4.O-O Bg7 5.Re1 e5 6.Bxc6 dxc6 7.d3 Qe7 8.Nbd2 Nf6
9.a3 O-O 10.b4 Nd7 11.bxc5 Nxc5 12.a4 Rd8 13.Ba3 Be6 14.Qe2 f6 15.c3  1-0

[Event "URS-chT"]
[Site "Naberezhnie Chelni"]
[Date "1988.??.??"]
[Round "?"]
[White "Yandemirov, Valeri"]
[Black "Panchenko, Alexander N"]
[Result "1-0"]
[WhiteElo "2325"]
[BlackElo "2475"]

1.e4 c5 2.Nf3 Nc6 3.Bb5 e6 4.O-O Nge7 5.b3 Nd4 6.Nxd4 cxd4 7.c3 Nc6 8.Bb2 Bc5
9.Qh5 Bb6 10.Na3 O-O 11.Nc4 d5 12.exd5 exd5 13.Nxb6 axb6 14.Rfe1 Be6 15.a4 Qf6
16.Bxc6 bxc6 17.cxd4 Ra6 18.Bc3 Rfa8 19.Qd1 Qg6 20.b4 h5 21.a5 h4 22.Qf3 h3
23.g3 bxa5 24.bxa5 Rb8 25.Qf4 Raa8 26.f3 Qc2 27.Kf2 Rb3 28.g4 Kh7 29.Kg3 Rab8
30.Kxh3 g5 31.Qe3 Qg6 32.Kg2 Re8 33.h4 gxh4 34.Qf2 h3+ 35.Kxh3 f5 36.Kg3 fxg4
37.f4 Kg7 38.f5 Qh5 39.Rxe6 Qh3+ 40.Kf4 Rbb8 41.Rae1 Rf8 42.Qe3  1-0

[Event "URS-chT"]
[Site "Naberezhnie Chelni"]
[Date "1988.??.??"]
[Round "?"]
[White "Tseitlin, Mikhail S"]
[Black "Lanka, Zigurds"]
[Result "1/2-1/2"]
[WhiteElo "2455"]
[BlackElo "2420"]

1.e4 c5 2.Nf3 Nc6 3.Bb5 g6 4.O-O Bg7 5.Re1 e5 6.Bxc6 dxc6 7.d3 Qe7 8.Nbd2 Nh6
9.b4 cxb4 10.a3 O-O 11.axb4 Be6 12.Bb2 f6 13.Qe2 Rfe8 14.Reb1 Nf7 15.c4 Qc7
16.Bc3 b6 17.b5 cxb5 18.Rxb5 Nd6 19.Rb2 b5 20.Ba5 Qc6 21.cxb5 Nxb5 22.h3 Rec8
23.Nf1 Bf8 24.Ne3 Bc5 25.Rc1 Qd7 26.Rbc2 Ba3 27.Rxc8+ Rxc8 28.Rxc8+ Qxc8
29.Ng4 Kg7 30.Bd2 Bc1 31.Ne3 Nc3 32.Qe1 Bxd2 33.Qxd2 h5 34.Qb2 Qc5 35.g4 hxg4
36.hxg4 g5 37.Qb7+ Kg8 38.Qb8+ Qc8 39.Qd6 Qd7 40.Qb8+ Qc8 41.Qd6 Kf7 42.Nf5 Qd7
43.Qxd7+ Bxd7 44.Kf1 Bb5 45.Nd6+ Ke6 46.Nxb5 Nxb5 47.Ke1 a5 48.Nd2 a4 49.Kd1 Kd6
50.Nc4+ Kc5 51.Kc2 Kb4 52.Nb6 Nd4+ 53.Kb2 a3+ 54.Ka2 Kc3 55.Nd5+ Kxd3 56.Nxf6 Nf3
57.Kxa3 Kd4 58.Kb2 Kd3 59.Ka3 Ne1 60.Kb4 Kd4 61.Nh7  1/2-1/2

[Event "Oslo"]
[Site "Oslo"]
[Date "1988.??.??"]
[Round "?"]
[White "Tisdall, Jonathan D"]
[Black "Gausel, Einar"]
[Result "1-0"]
[WhiteElo "2425"]
[BlackElo "2360"]

1.Nf3 c5 2.e4 Nc6 3.Bb5 g6 4.O-O Bg7 5.Re1 Nf6 6.c3 O-O 7.d4 cxd4 8.cxd4 d5
9.e5 Ne8 10.h3 Nc7 11.Ba4 b5 12.Bb3 Bf5 13.Nh4 Bxb1 14.Rxb1 a5 15.a4 bxa4
16.Bxa4 Nb4 17.Nf3 Ne6 18.Ng5 Qb6 19.Nxe6 Qxe6 20.Bg5 Rac8 21.Qd2 Rc7 22.Rbc1 Rfc8
23.Rc3 Qa6 24.Rec1 Qb7 25.e6 f6 26.Bf4 Rxc3 27.bxc3 Na6 28.Bd7 Rf8 29.Qa2 g5
30.Be3 Nb8 31.Rb1 Qa8 32.Bb5 Rc8 33.Bd2 Bf8 34.Ra1 Qb7 35.Qxa5 Kg7 36.Rb1 Nc6
37.Qa2 Nd8 38.Bd7 Ra8 39.Qc2 Qa6 40.Qf5 Qd6 41.h4  1-0

[Event "Paris-ch"]
[Site "Paris"]
[Date "1988.??.??"]
[Round "2"]
[White "Haik, Aldo"]
[Black "Wagner, Claude"]
[Result "1/2-1/2"]
[WhiteElo "2370"]
[BlackElo "2290"]

1.e4 c5 2.Nf3 Nc6 3.Bb5 Nf6 4.e5 Nd5 5.O-O e6 6.b3 Be7 7.Bb2 O-O 8.Nc3 Nxc3
9.Bxc3 Qc7 10.Re1 b6 11.h3 Bb7 12.Nh2 f6 13.Ng4 f5 14.Nh2 a6 15.Bf1 Rf7 16.Nf3 g5
17.d4 g4 18.hxg4 fxg4 19.Nh2 g3 20.fxg3 Nxd4 21.Bd2 Nf5 22.Bf4 Qc6 23.Qd2 Rg7
24.g4 Nh4 25.Rad1 c4 26.bxc4 Rf8 27.Re2 Qxc4 28.Be3 Bc5 29.Rf2 Rxf2 30.Bxf2 Qe4
31.Bxc5 bxc5 32.Qf2 Rf7 33.Qxh4 Rxf1+ 34.Kxf1 Qxg2+ 35.Ke1 Qe4+ 36.Kd2 Qd4+
37.Kc1 Qa1+ 38.Kd2 Qd4+ 39.Ke1 Qe4+ 40.Kf2 Qg2+ 41.Ke3 Qe4+  1/2-1/2

[Event "Sarajevo"]
[Site "Sarajevo"]
[Date "1988.??.??"]
[Round "?"]
[White "Romanishin, Oleg M"]
[Black "Popchev, Milko"]
[Result "1/2-1/2"]
[WhiteElo "2570"]
[BlackElo "2470"]

1.e4 c5 2.Nf3 Nc6 3.Bb5 e6 4.c3 Nge7 5.d4 cxd4 6.cxd4 d5 7.Nc3 dxe4 8.Nxe4 a6
9.Ba4 b5 10.Bb3 Nf5 11.Bg5 Bb4+ 12.Nc3 Be7 13.Bxe7 Ncxe7 14.d5 exd5 15.Bxd5 Nxd5
16.Qxd5 Qxd5 17.Nxd5 O-O 18.O-O-O Bb7 19.Rd2 Rfd8 20.Rhd1 Rac8+ 21.Kb1 Kf8
22.b3 Rc5 23.Nb6 Be4+ 24.Kb2 Rc2+ 25.Rxc2 Rxd1 26.Rc8+ Ke7 27.Rc7+ Kd8 28.Rc8+ Ke7
29.Rc7+ Kd8 30.Rc8+  1/2-1/2

[Event "Schoeneck op"]
[Site "Schoeneck"]
[Date "1988.??.??"]
[Round "4"]
[White "Brunner, Lucas"]
[Black "Simic, Radoslav"]
[Result "1/2-1/2"]
[WhiteElo "2425"]
[BlackElo "2485"]

1.e4 c5 2.Nf3 Nc6 3.Bb5 Nf6 4.Nc3 g6 5.e5 Ng4 6.Bxc6 dxc6 7.O-O Bg7 8.Re1 O-O
9.d3 Nh6 10.h3 Nf5 11.Bf4  1/2-1/2

[Event "Schoeneck op"]
[Site "Schoeneck"]
[Date "1988.??.??"]
[Round "7"]
[White "Nikolaiczuk, Lothar"]
[Black "Thiel, Thomas"]
[Result "1-0"]
[WhiteElo "2275"]
[BlackElo "2305"]

1.e4 c5 2.Nf3 Nc6 3.Bb5 g6 4.O-O Bg7 5.c3 Nf6 6.Re1 O-O 7.h3 d6 8.d4 cxd4
9.cxd4 Bd7 10.Nc3 Rc8 11.e5 dxe5 12.dxe5 Ne8 13.Bg5 h6 14.Be3 b6 15.Qd2 Nxe5  1-0

[Event "Stara Pazova"]
[Site "Stara Pazova"]
[Date "1988.??.??"]
[Round "3"]
[White "Romanishin, Oleg M"]
[Black "Plachetka, Jan"]
[Result "1/2-1/2"]
[WhiteElo "2550"]
[BlackElo "2400"]

1.e4 c5 2.Nf3 Nc6 3.Bb5 d6 4.O-O g6 5.c3 Nf6 6.d4 cxd4 7.cxd4 Bd7 8.Nc3 Bg7
9.h3 a6 10.Be2 O-O 11.d5 Ne5 12.Nd2 g5 13.Nb3 g4 14.hxg4 Nfxg4 15.a4 f5 16.exf5 Bxf5
17.Nd4 Bd7 18.Ne6 Bxe6 19.dxe6 Nf6 20.a5 d5 21.Ra4 Qd6 22.Bf4 Qxe6 23.Re1 Rad8
24.Bg3 Qf5 25.Rf4 Qd7 26.Na4 Ne4 27.Rxf8+ Rxf8 28.Nb6 Qe6 29.Qxd5 Qxd5 30.Nxd5 Nxg3
31.fxg3 Nc6 32.Bf3 Bxb2  1/2-1/2

[Event "URS Cup rapid"]
[Site "Tallinn"]
[Date "1988.??.??"]
[Round "3"]
[White "Kveinys, Aloyzas"]
[Black "Zaichik, Gennadi"]
[Result "1/2-1/2"]
[WhiteElo "2345"]
[BlackElo "2495"]

1.e4 c5 2.Nf3 Nc6 3.Bb5 e6 4.O-O Nge7 5.Re1 a6 6.Bxc6 Nxc6 7.d4 cxd4 8.Nxd4 Qb6
9.Nb3 Qc7 10.Nc3 Bd6 11.h3 O-O 12.Be3 Ne5 13.Nd2 b5 14.f4 Ng6 15.e5 Bc5 16.Nde4 Bxe3+
17.Rxe3 Nxf4 18.Qf3 Ng6 19.Nf6+ gxf6 20.Qxa8 fxe5 21.Qf3 f5 22.a3 Bb7 23.Qf2 f4
24.Ree1 d5 25.Rad1 e4  1/2-1/2

[Event "URS Cup rapid"]
[Site "Tallinn"]
[Date "1988.??.??"]
[Round "5"]
[White "Romanishin, Oleg M"]
[Black "Sveshnikov, Evgeny"]
[Result "1-0"]
[WhiteElo "2570"]
[BlackElo "2450"]

1.e4 c5 2.Nf3 Nc6 3.Bb5 e6 4.c3 Nf6 5.Qe2 d5 6.e5 Nd7 7.d4 Be7 8.O-O O-O
9.Be3 cxd4 10.Bxd4 Nxd4 11.Nxd4 Nc5 12.Nd2 Bd7 13.Bxd7 Qxd7 14.f4 g6 15.g4 f5
16.Kh1 Rac8 17.gxf5 exf5 18.Rad1 Qa4 19.a3 Kh8 20.Rf3 Ne4 21.Nxe4 fxe4 22.Rff1 Qd7
23.Nc2 Rcd8 24.Ne3 Qe6 25.Qb5 Qc6 26.Rxd5 Rxd5 27.Qxd5 Bc5 28.Qxc6 bxc6 29.Ng4  1-0

[Event "URS Cup rapid"]
[Site "Tallinn"]
[Date "1988.??.??"]
[Round "7"]
[White "Makarichev, Sergey"]
[Black "Krasenkow, Michal"]
[Result "1/2-1/2"]
[WhiteElo "2485"]
[BlackElo "2460"]

1.e4 c5 2.Nf3 Nc6 3.Bb5 g6 4.Bxc6 dxc6 5.h3 Bg7 6.d3 e5 7.Be3 Qe7 8.Nbd2 Nf6
9.Nc4 Nd7 10.Qd2 Nb6 11.Bh6 Nxc4 12.dxc4 O-O 13.Bxg7 Kxg7 14.O-O-O f6 15.Qc3 Be6
16.Rd2 Rfd8 17.Rhd1 b6 18.b4 a5 19.a4 Kf7  1/2-1/2

[Event "Thessaloniki ol (Women)"]
[Site "Thessaloniki"]
[Date "1988.??.??"]
[Round "?"]
[White "Erenska Radzewska, Hanna"]
[Black "Maskova, Jana"]
[Result "1-0"]
[WhiteElo "2275"]
[BlackElo "2220"]

1.e4 c5 2.Nf3 Nc6 3.Bb5 e6 4.O-O Nge7 5.b3 Ng6 6.Bb2 f6 7.d4 cxd4 8.Nxd4 Be7
9.Re1 O-O 10.Bf1 Qb6 11.Re2 Rd8 12.Rd2 d5 13.exd5 exd5 14.Nc3 Nce5 15.Na4 Qc7
16.Nb5 Qc6 17.Bd4 b6 18.Nbc3 Be6 19.Ba6 Kh8 20.Qf1 Nf4 21.Qe1 Qe8 22.f3 Qh5
23.Bxe5 fxe5 24.Rad1 Bh4 25.Qf1 e4 26.fxe4 Rf8 27.Qb5 Qg6 28.Kh1 dxe4 29.Bb7 e3
30.Rd6 Rae8 31.Ne2 Nxe2 32.Qxe2 Bg4 33.Bf3 Bxf3 34.gxf3 Qh5 35.Kg2 Rf5 36.Nc3 Rg5+
37.Kh1 Bf2 38.R6d5 Rxd5 39.Nxd5 h6 40.c4 Qe5 41.a4 Rf8 42.Nb4 Qg5 43.Nd3 Bh4
44.f4 Qe7 45.Ne5 Qb7+ 46.Rd5 Bf2 47.Ng6+ Kg8 48.Nxf8 Qe7 49.Kg2 Kxf8 50.Re5 Qd6
51.Qf3 Qg6+ 52.Kh3 Kg8 53.Qa8+ Kh7 54.Qe4 Qxe4 55.Rxe4 Kg6 56.Kg4 Kf6 57.Kf3 Bg1
58.h3 g5 59.fxg5+ hxg5 60.Re8 a5 61.Ke2 Bh2 62.Rc8  1-0

[Event "Thessaloniki ol (Men)"]
[Site "Thessaloniki"]
[Date "1988.??.??"]
[Round "5"]
[White "Frois, Antonio"]
[Black "Navas Lopez, F."]
[Result "0-1"]
[WhiteElo "2340"]
[BlackElo "2200"]

1.e4 c5 2.Nf3 Nc6 3.Bb5 Nf6 4.Qe2 g6 5.O-O Bg7 6.c3 O-O 7.h3 Qb6 8.Rd1 Nxe4
9.Qxe4 Qxb5 10.Na3 Qa5 11.d4 cxd4 12.cxd4 d5 13.Qh4 f6 14.Bh6 Bf5 15.Bxg7 Kxg7
16.Rac1 Be4 17.Nd2 Nxd4 18.Nxe4 Ne2+ 19.Kh1 Nxc1 20.Nc3 d4 21.Ncb5 Rac8 22.Qe4 e5
23.f4 a6 24.Nd6 Rc7 25.Nac4 f5 26.Qxe5+ Qxe5 27.fxe5 Ne2 28.Rd2 Ng3+ 29.Kg1 b5
30.Nb6 Rc1+ 31.Kf2 f4 32.Kf3 Rf1+ 33.Rf2 d3 34.Rxf1 Nxf1 35.Nd5 Nd2+ 36.Kf2 Nc4
37.Nc7 Nxe5 38.Ne6+ Kg8 39.Nxf8 Kxf8 40.Nb7 Ke7 41.Nc5 a5 42.Nb3 a4 43.Nd4 Nc4
44.Nxb5 Nxb2 45.Ke1 Nc4 46.Nc3 Ke6 47.Nxa4 Kd5 48.Nc3+ Kd4 49.Nd1 g5 50.Kf2 Ne3
51.Nb2 Kc3 52.Nxd3 Kxd3 53.Kf3 Nxg2 54.a4 Ne3 55.h4 h6  0-1

[Event "Thessaloniki ol (Men)"]
[Site "Thessaloniki"]
[Date "1988.??.??"]
[Round "7"]
[White "Watson, William N"]
[Black "Prasad, Devaki V"]
[Result "1/2-1/2"]
[WhiteElo "2500"]
[BlackElo "2375"]

1.e4 c5 2.Nf3 Nc6 3.Bb5 g6 4.O-O Bg7 5.c3 e5 6.d4 cxd4 7.cxd4 Nxd4 8.Nxd4 exd4
9.f4 Ne7 10.f5 Nc6 11.f6 Bf8 12.Bc4 Qb6 13.Nd2 d6 14.b4 Ne5 15.Bd5 Bg4 16.Qa4+ Bd7
17.Qb3 O-O-O 18.Nc4 Nxc4 19.Bxc4 d5 20.Bxd5 Be6 21.Bxe6+ Qxe6 22.Qxe6+ fxe6
23.Bf4 Bd6 24.Rac1+ Kb8 25.Bxd6+ Rxd6 26.e5 Rd5 27.Rc5 Rxc5 28.bxc5 Kc7 29.Kf2 Kc6
30.Kf3 Kd5 31.Rb1 Kxe5 32.Rxb7 Kxf6 33.Ke4 Rd8 34.c6 e5 35.Rxa7 Rc8 36.c7 Ke7
37.Kxe5 d3 38.Ra3 Rxc7 39.Rxd3 Rc2 40.a3 Rxg2 41.h3 Re2+ 42.Kd5 Kd7 43.a4 Ra2
44.Kc5+ Kc7 45.Rd4 g5 46.h4 Rg2 47.Re4 gxh4 48.Re7+ Kb8 49.Rxh7 Rg5+ 50.Kb6 Rg6+
51.Kc5  1/2-1/2

[Event "Thessaloniki ol (Men)"]
[Site "Thessaloniki"]
[Date "1988.??.??"]
[Round "8"]
[White "Antunes, Antonio"]
[Black "Kotronias, Vasilios"]
[Result "1-0"]
[WhiteElo "2390"]
[BlackElo "2550"]

1.e4 c5 2.Nf3 Nc6 3.Bb5 Nf6 4.Qe2 g6 5.O-O Bg7 6.c3 Qb6 7.a4 a6 8.Bxc6 Qxc6
9.e5 Nd5 10.d4 cxd4 11.Nxd4 Qc7 12.Nf3 b6 13.Na3 Bb7 14.Re1 O-O 15.Bd2 Qc6
16.Nc2 d6 17.Ncd4 Qc7 18.exd6 Qxd6 19.c4 Bxd4 20.Nxd4 Nf4 21.Qxe7 Rad8 22.Qxd6 Rxd6
23.Bxf4 Rxd4 24.Bh6 Rfd8 25.Rac1 f6 26.h3 Kf7 27.Be3 R4d6 28.Rc3 Rc8 29.Rec1 Be4
30.Rb3 Rdc6 31.Kh2 Bd3 32.a5 bxa5 33.Rb7+ Ke8 34.c5 Rd8 35.Rxh7 Bf5 36.Ra1 Rd7
37.Rh8+ Kf7 38.Rxa5 Ke6 39.g4 Be4 40.Re8+ Kd5 41.Ra4 f5 42.Rd4+  1-0

[Event "Thessaloniki ol (Men)"]
[Site "Thessaloniki"]
[Date "1988.??.??"]
[Round "9"]
[White "Torre, Eugenio"]
[Black "Van der Wiel, John TH"]
[Result "1-0"]
[WhiteElo "2555"]
[BlackElo "2540"]

1.e4 c5 2.Nf3 Nc6 3.Bb5 g6 4.O-O Bg7 5.c3 Nf6 6.Re1 O-O 7.d4 cxd4 8.cxd4 d5
9.e5 Ne4 10.Nc3 Nxc3 11.bxc3 Qa5 12.a4 Bg4 13.Re3 Rfc8 14.h3 Bxf3 15.Rxf3 e6
16.h4 a6 17.Bf1 b5 18.h5 b4 19.cxb4 Qxb4 20.Be3 Na5 21.Rh3 Nc4 22.hxg6 fxg6
23.Qg4 Qe7 24.Bg5 Qf7 25.Qh4 Bh8 26.Bd3 Ra7 27.Rb1 Rac7 28.Rb3 Na5 29.Rb6 Rc6
30.Rxa6 Rxa6 31.Bxa6 Ra8 32.Bb5 Rf8 33.Bh6 Rc8 34.Rf3 Qc7 35.Qg4 Qe7 36.Bg5 h5
37.Qh3 Qxg5 38.Qxe6+ Kh7 39.Qxc8 Qc1+ 40.Qxc1  1-0

[Event "Thessaloniki ol (Men)"]
[Site "Thessaloniki"]
[Date "1988.??.??"]
[Round "13"]
[White "Dedes, Nikolaos"]
[Black "Espinoza Flores, Rafael"]
[Result "0-1"]
[WhiteElo "2305"]
[BlackElo "2425"]

1.e4 c5 2.Nf3 Nc6 3.Bb5 g6 4.O-O Bg7 5.Re1 e5 6.b4 cxb4 7.a3 Nge7 8.axb4 O-O
9.Nc3 d6 10.Ba3 Bg4 11.h3 Bxf3 12.Qxf3 Nd4 13.Qd3 Rc8 14.Ba4 f5 15.f3 Bh6
16.b5 fxe4 17.Nxe4 Qb6 18.Kh1 Rcd8 19.c4 Qc7 20.c5 d5 21.Nd6 Bf4 22.b6 Qb8
23.Qxd4 exd4 24.Rxe7 axb6 25.Rxb7 Qa8 26.Bc6 bxc5 27.Bxd5+ Kh8 28.Nf7+ Rxf7
29.Rxf7 Qxd5 30.Rxf4 Ra8 31.Kh2 Qe5 32.g3 Qe2+ 33.Kg1 Rxa3 34.Rxa3 Qe1+ 35.Kg2 Qxd2+  0-1

[Event "SVK-ch"]
[Site "Trnava"]
[Date "1988.??.??"]
[Round "7"]
[White "Franzen, Josef"]
[Black "Mrva, Martin"]
[Result "1-0"]
[WhiteElo "2320"]
[BlackElo "2210"]

1.e4 c5 2.Nf3 Nc6 3.Bb5 Nf6 4.e5 Nd5 5.O-O Qc7 6.Re1 e6 7.Nc3 a6 8.Bxc6 Qxc6
9.Ne4 b5 10.d3 Bb7 11.Bg5 h6 12.Bh4 Nf4 13.Bg3 Nh5 14.Nfd2 Nxg3 15.fxg3 d6
16.exd6 O-O-O 17.Nf3 Bxd6 18.Nxd6+ Rxd6 19.Qe2 f6 20.Qf2 Rd5 21.Re2 Re8 22.Rae1 Kc7
23.Nd2 Rf5 24.Qe3 Qd6 25.Nb3 Rd5 26.c4 Re5 27.Qf2 Rxe2 28.Rxe2 bxc4 29.dxc4 Kb6
30.Rd2 Qc6 31.Rd7 Rc8 32.Qd2 Ka7 33.Na5  1-0

[Event "Tirnavia-C"]
[Site "Trnava"]
[Date "1988.??.??"]
[Round "8"]
[White "Franzen, Josef"]
[Black "Lanka, Zigurds"]
[Result "1/2-1/2"]
[WhiteElo "2310"]
[BlackElo "2390"]

1.e4 c5 2.Nf3 Nc6 3.Bb5 g6 4.O-O Bg7 5.c3 Nf6 6.Re1 O-O 7.d4 cxd4 8.cxd4 d5
9.e5 Ne4 10.Nc3 Bf5 11.h3 Rc8 12.Ne2 Qa5 13.Ba4 f6 14.exf6 exf6 15.Nf4 Ng5
16.Nxg5 fxg5 17.Nxd5 Kh8 18.Bxc6 Rxc6 19.Nc3 Qb4 20.d5 Rc7 21.Qe2 Qh4 22.Be3 g4
23.hxg4 Bxg4 24.Qd2 Rcf7 25.Bd4 Kg8 26.Ne4 Rf5 27.Bxg7 Rh5 28.f4 Qh2+ 29.Kf2 Rxf4+
30.Ke3 Rxe4+ 31.Kxe4 Bf5+ 32.Kf3 Rh3+ 33.Kf2 Qg3+ 34.Kg1 Qh2+ 35.Kf2 Qg3+  1/2-1/2

[Event "SVK-ch"]
[Site "Trnava"]
[Date "1988.??.??"]
[Round "9"]
[White "Franzen, Josef"]
[Black "Salai, Ladislav"]
[Result "1/2-1/2"]
[WhiteElo "2320"]
[BlackElo "2340"]

1.e4 c5 2.Nf3 Nc6 3.Bb5 g6 4.O-O Bg7 5.c3 Nf6 6.Re1 O-O 7.d4 cxd4 8.cxd4 d5
9.e5 Ne4 10.Nc3 Nxc3 11.bxc3 Na5 12.Bf4 h6 13.Bd3 Be6 14.h3 Rc8 15.Rc1 Qb6
16.Nh2 Rc7 17.Ng4 Bxg4 18.hxg4 g5 19.Bg3 Rc6 20.f4 Rfc8 21.Qd2 Nc4 22.Bxc4 Rxc4
23.f5 Qc6 24.Re3 b5 25.Be1 b4 26.Rd3 Qb6 27.Kh2 R8c6 28.Qe3 Qc7 29.Kh1 a5
30.Rc2 Bf8 31.Rb2 bxc3 32.Rc2 e6 33.Rdxc3 Bb4 34.Rxc4 Rxc4 35.Rxc4 Qxc4 36.Bxb4 axb4
37.Qf2 Qd3 38.Kh2 Qd1 39.Kg3 Qd3+ 40.Kh2 Qe4 41.fxe6 fxe6 42.Kh3 Qd3+ 43.Kh2 Qd1
44.Qf6 Qxg4 45.Qg6+ Kf8 46.Qxh6+ Ke8 47.Qg6+ Kd8 48.Qf6+ Ke8  1/2-1/2

[Event "USA-ch"]
[Site "?"]
[Date "1988.??.??"]
[Round "?"]
[White "Fedorowicz, John P"]
[Black "Dlugy, Maxim"]
[Result "1-0"]
[WhiteElo "2520"]
[BlackElo "2545"]

1.e4 c5 2.Nf3 Nc6 3.Bb5 g6 4.O-O Bg7 5.c3 Nf6 6.e5 Nd5 7.d4 cxd4 8.cxd4 O-O
9.Nc3 Nxc3 10.bxc3 d6 11.exd6 Qxd6 12.a4 Rd8 13.Ba3 Qc7 14.Re1 e6 15.Ng5 b6
16.Nxf7 Rd5 17.Bxc6 Qxc6 18.Qf3 Bd7 19.Ne5 Bxe5 20.dxe5 Ra5 21.Qg3 Rxa4 22.h4 Rc8
23.h5 Qxc3 24.Qg5 Rxa3 25.Rad1 Rf8 26.hxg6 Ba4 27.Re3 Qc2 28.Rxa3 Qxf2+ 29.Kh2 Bxd1
30.Rg3 Qxg3+ 31.Kxg3 Re8 32.Qf6 hxg6 33.Qxg6+ Kf8 34.Qf6+ Kg8 35.Kh4 Bc2
36.g4 b5 37.Kg5 Rf8 38.Qxe6+ Kg7 39.Qd7+ Kh8 40.Kh6 Rg8 41.e6 Rg6+ 42.Kh5 Rg8
43.e7  1-0

[Event "URS-ch otbor56"]
[Site "Uzhgorod"]
[Date "1988.??.??"]
[Round "?"]
[White "Rozentalis, Eduardas"]
[Black "Guseinov, Aidyn"]
[Result "1-0"]
[WhiteElo "2490"]
[BlackElo "2325"]

1.e4 c5 2.Nf3 Nc6 3.Bb5 e6 4.b3 Qc7 5.Bb2 Nf6 6.Bxf6 gxf6 7.O-O Bg7 8.Nc3 O-O
9.Nh4 a6 10.Bxc6 Qxc6 11.f4 f5 12.exf5 b5 13.Rf3 Qd6 14.Rg3 Qxf4 15.Rg4 Qe5
16.Qf3 h5 17.Rg3 Bb7 18.Qxb7 Qd4+ 19.Kh1 Qxh4 20.Rf1 exf5 21.Nd5 Rfe8 22.Rgf3 Rad8
23.Qxa6 Qd4 24.Rxf5 Re6 25.Qxb5 Qxd2 26.Qc4 Rde8 27.Rxf7 Re4 28.Rf8+ Rxf8
29.Ne7+ Kh8  1-0